1259 1198 1456 1351 1529 1246 1023 1699 1249 1621 1807 1336 1502 1781 1743 1368 1067 1974 1850 1484 1346 1447 1369 1656 1254 1219 1257 1458 1126 1398 1457 1871 1332 1046 1169 1562 1260 1885 1155 1247 1817 1471 1022 1834 1168 1017 1999 1148 1733 1513 1726 1418 1083 1615 1843 1649 1329 1733 1049 1499 1799 1843 1405 1127 1186 1040 1715 1898 1762 1038 1375 1262 1808 1055 1561 1074 1071 1156 1908 1614 1924 1005 1113 1438 1415 1478 1163 1495 1736 1827 1104 1657 1818 1651 1095 1819 1919 1658 1727 BCNSPRNW ULIB Ver.6.0+V

เปลี่ยนเป็นภาษาไทย

Change to English
 แสดงรายละเอียดบรรณานุกรม
  กลับหน้าหลัก

Brief Record : Get Marc (ISO 2709) : E-mail record : QR code < ปิดหน้าต่าง
LEADER : 00000nam 2200000uu 4500
001    13399121623
003     ULIB
008    121127s2550||||th 000 0 tha d
020    ^a9789749508817
060 04 ^aWS350.2^bค459ร
100 0  ^aคิวโทกุ, ชิเงโมริ
245 10 ^aโรคแม่ทำ /^cโดย ชิเงโมริ คิวโทกุ ; แปล/เรียบเรียงโดย สมอาจ วงษ์ขมทอง
250    ^aพิมพ์ครั้งที่ 12
260    ^aกรุงเทพฯ :^bหมอชาวบ้าน,^c2550
300    ^a163 หน้า :^bภาพประกอบ
650  2 ^aFamily Relations
650  2 ^aParent-Child Relations
700 00 ^aสมอาจ วงษ์ขมทอง,^eผู้แปล
945    ^p130^l0^i16185
995    ^aวิภา
999 ^a ใช้งานได้ทุกระบบ
รายการนี้ยังไม่มีแท็ก
คุณยังไม่ได้ล็อกอิน คุณสามารถมีกิจกรรมร่วมกับเว็บไซต์ได้ แต่ต้องล็อกอินก่อน ::
  ล็อกอิน

รายการสื่อสารสนเทศ

ลำดับที่ ประเภท เลขเรียก/บาร์โค้ด สถานที่ สถานะ
- ไม่พบข้อมูล -

รายการใกล้เคียง
    ผู้แต่ง [คิวโทกุ, ชิเงโมริ]

    หัวเรื่อง [Family Relations]
    หัวเรื่อง [Parent-Child Relations]

BibComment


ยังไม่เคยถูกคอมเมนท์

คอมเมนท์ทรัพยากรรายการนี้
  คอมเมนท์: โรคแม่ทำ โดย ชิ..


 Copyright 2026. Bcnsprnw @Library